Classifica Marcatori UEFA Champions League 2012-2013 - Statistics

Statistiche generali
  • Questo quiz è stato fatto 32 volte
  • Il punteggio medio è 10 su 19
Statistiche sulle risposte
Gol Nazione Squadra Calciatore % Corretto
12 Portogallo Real Madrid Cristiano Ronaldo
100%
8 Argentina Barcellona Lionel Messi
100%
10 Polonia Borussia Dortmund Robert Lewandowski
100%
8 Germania Bayern Monaco Thomas Müller
93%
5 Francia Real Madrid Karim Benzema
90%
5 Argentina Paris Saint-Germain Ezequiel Lavezzi
69%
4 Germania Borussia Dortmund Marco Reus
69%
4 Paesi Bassi Schalke 04 Klaas-Jan Huntelaar
59%
5 Brasile Chelsea Oscar
59%
4 Brasile Shakhtar Donetsk Willian
59%
4 Italia Juventus Fabio Quagliarella
48%
8 Turchia Galatasaray Burak Yilmaz
41%
4 Peru Bayern Monaco Claudio Pizarro
41%
4 Germania Arsenal Lukas Podolski
28%
4 Spagna Valencia Roberto Soldado
24%
4 Grecia Olympiakos Kōstas Mītroglou
14%
4 Portogallo Málaga Eliseu
10%
5 Brasile Valencia Jonas
3%
5 Brasile Sporting Braga Alan
0%
Nessun quiz corrispondente trovato
Distribuzione punteggi
Percentuale di utenti per punteggio
Percentile per numero di risposta
I tuoi punteggi nel tempo
Non hai fatto questo quiz